000 00368 a2200109 4500
001 ART_10635
005 20260410161830.0
008 260409a
245 1 0 _aAnálisis del reglamento general del servicio universal telefónico
100 1 _aCeballos Ferroglio, Carlos
773 0 _tActualidad Económica
_g- Año X, Nº 47 (ene./abr. 2000)
_wREV5083
999 _c23180
_d23180